Départements qui votent le plus RN/Le Pen - Statistiques

Statistiques générales
  • Ce quiz a été pris 51 fois
    50 depuis la dernière actualisation
  • Le résultat moyen est 13 sur 20
Statistiques - réponses
Classement Score (en %) Région Département % Correct
3 38,68 Hauts-de-France Pas-de-Calais (62)
91%
1 42,68 Outre-Mer Mayotte (976)
87%
15 30,61 Provence-Alpes-Côte d'Azur Var (83)
78%
2 39,27 Hauts-de-France Aisne (02)
73%
17 30,37 Grand Est Moselle (57)
73%
9 32,81 Hauts-de-France Somme (80)
67%
6 35,11 Grand Est Meuse (55)
64%
19 29,43 Provence-Alpes-Côte d'Azur Vaucluse (84)
64%
13 32,22 Grand Est Vosges (88)
64%
5 36,02 Grand Est Ardennes (08)
62%
12 32,29 Normandie Eure (27)
62%
16 30,56 Grand Est Marne (51)
62%
11 32,30 Hauts-de-France Oise (60)
60%
14 31,25 Bourgogne-Franche-Comté Yonne (89)
60%
20 29,34 Occitanie Gard (30)
58%
4 36,60 Grand Est Haute-Marne (52)
58%
8 32,95 Grand Est Aube (10)
56%
18 30,14 Occitanie Aude (11)
53%
10 32,74 Occitanie Pyrénées-Orientales (66)
51%
7 34,60 Bourgogne-Franche-Comté Haute-Saône (70)
42%
Aucun quiz correspondant
Distribution des résultats
% des personnes avec chaque résultat
Percentile par nombre de réponses
Votre historique - résultats
Vous n’avez pas pris ce quiz depuis la dernière actualisation